Highest Grossing Actors and Actresses (Pre-2000 and Pre-1966) - Statistics

General Stats
  • This quiz has been taken 81 times
  • The average score is 6 of 15
Answer Stats
Actor % Correct
Clark Gable
70%
John Wayne
58%
Elizabeth Taylor
55%
James Stewart
54%
Cary Grant
52%
Harrison Ford
46%
Charlton Heston
43%
Gregory Peck
37%
Frank Sinatra
36%
Spencer Tracy
36%
Richard Burton
33%
Gary Cooper
28%
William Holden
19%
Mickey Rooney
16%
Bing Crosby
13%
No matching quizzes found
Score Distribution
Percent of People with Each Score
Percentile by Number Answered
Your Score History
You have not taken this quiz